UBT Library

Criminal procedure / (Record no. 44712)

000 -LEADER
fixed length control field 00710cam a2200229 a 4500
001 - CONTROL NUMBER
control field 2561709
005 - DATE AND TIME OF LATEST TRANSACTION
control field 20180312061403.0
008 - FIXED-LENGTH DATA ELEMENTS--GENERAL INFORMATION
fixed length control field 950731s1996 mnuak 001 0 eng
010 ## - LIBRARY OF CONGRESS CONTROL NUMBER
LC control number 95037701
020 ## - INTERNATIONAL STANDARD BOOK NUMBER
International Standard Book Number 0314068708 (soft : acidfree paper)
040 ## - CATALOGING SOURCE
Original cataloging agency DLC
Transcribing agency DLC
Modifying agency DLC
041 ## - LANGUAGE CODE
Language code of text/sound track or separate title eng
043 ## - GEOGRAPHIC AREA CODE
Geographic area code n-us---
080 ## - UNIVERSAL DECIMAL CLASSIFICATION NUMBER
Universal Decimal Classification number 345.7305 SCH
082 00 - DEWEY DECIMAL CLASSIFICATION NUMBER
Classification number 345.7305 SCH
-- 347.3055
Edition number 20
100 1# - Rafti
Rafti 13
101 ## - Shkurtesa
Shkurtesa SHJ
245 10 - TITLE STATEMENT
Title Criminal procedure /
Statement of responsibility, etc John M. Scheb, John M. Scheb II.
906 ## - LOCAL DATA ELEMENT F, LDF (RLIN)
a 7
b cbc
c orignew
d 1
e ocip
f 19
g y-gencatlg
942 ## - ADDED ENTRY ELEMENTS (KOHA)
Source of classification or shelving scheme
Item type Books
Holdings
Withdrawn status Lost status Source of classification or shelving scheme Damaged status Not for loan Collection code Permanent location Current location Shelving location Date acquired Total Checkouts Full call number Barcode Date last seen Price effective from Koha item type
          Koleksioni i përgjithshem UBT - Lipjan UBT - Lipjan Koleksioni i përgjithshem 03/12/2018   345.7305 SCH 002-3001545 03/12/2018 03/12/2018 Books
UBT Library © 2015-2024. All rights reserved University Education for Business and Technology